000
00326nam a2200133Ia 4500
005
20251222155137.0
008
251222s9999||||xx |||||||||||||| ||spa||
082
_a
CIE. 12
100
_a
Garcia Galvez, José.
245
0
_a
Manual de Laboratorio Quimica
250
_a
1ra. ed.
264
_b
Ciencia y técnica
942
_c
LIB
999
_c
39058
_d
39058